MDQL
is popping MORE tags! Check the
thread
!
Quizzes
Events
Quiz Creation
Community
Videos
Private Events
Remove Ads
Sign In
Join for FREE
Feedback
Dark Mode
Quiz Categories
Sports
Geography
Music
Movies
Television
Just For Fun
Miscellaneous
History
Literature
Language
Science
Gaming
Entertainment
Religion
Holiday
For Kids
Quiz Lab
Recent
Popular Today
Quiz Kudos Today
Editor Picks
Curator Picks
Quizzes by...
Day
Popularity
Type
Ratings
Length
Year
Community
Subscriptions
Recent Discussions
Orange Saloon
Badges
Playlists
Quests
Create
Leaderboards
Showdown
Live 5
Trivia Bingo
Activity
Puzzle Library
Sporcle Events
Private Events
Virtual Trivia
Globe League
Become a Host
Pub Owners
SporcleCon
Opinionation
Our Games
Videos
Blog
Mobile Apps
Partnerships
Remove Ads and Go Orange
Feedback
Gaming
Video Games
Board Games
Card Games
Pokémon
Mario
Nintendo
Minecraft
Console
Toys
Legend of Zelda
Gaming
Video Games
Board Games
Card Games
Pokémon
Mario
Nintendo
Minecraft
Console
Toys
Legend of Zelda
Random Quiz
Search Sporcle
×
Quiz Lab
Quiz Lab
Gaming
Pokémon
Type in answers that appear in a list
Type in answers that appear in a list
Classic
Best Score? Go Orange.
Pokémon Attacks- Ghost Stats
Can you name the ghost type attacks in the Pokémon series?
By
Leo
5m
34 Questions
1,254 Plays
1,254 Plays
1,254 Plays
Comments
Comments
Give Quiz Kudos
Give Quiz Kudos
-
- Ratings
hide this ad
Replay
Link that replays current quiz
Next Quiz
Link to next quiz in quiz playlist
You Got
0%
They Got
Avg Score
55%
Avg Friend Score
Upgrade to see
Score Distribution
Jump to the score distribution portion of the page
Score
0/34
Timer
05:00
0
Plays Today
Learned
Attack
% Correct
Frillish Lv32
Shadow Ball
95.4%
Gastly Lv1
Lick
91.5%
Golett Lv12
Shadow Punch
90%
Honedge Lv4
Shadow Sneak
89.8%
Mimikyu Lv42
Shadow Claw
88.8%
Giratina Lv77
Shadow Force
86.6%
Dusclops Lv36
Curse
84.7%
Sableye Lv21
Night Shade
83.3%
Marowak (Alolan) by Evolution
Shadow Bone
82.1%
Trevenant Lv36
Phantom Force
80.4%
Lunala Lv1
Moongeist Beam
78.5%
Decidueye Lv1
Spirit Shackle
76.7%
Sinistea Lv1
Astonish
75.4%
Pumpkaboo Lv36
Trick-or-Treat
75.2%
Darkrai Lv38
Nightmare
74.5%
Rotom Lv35
Hex
74.4%
Litwick Lv12
Confuse Ray
74.2%
Learned
Attack
% Correct
Annihilape Lv35
Rage Fist
73.5%
Chimecho Lv11
Ominous Wind
69.1%
Houndstone by Evolution
Last Respects
68.5%
Corsola (Galarian) Lv15
Spite
67.9%
Shedinja Lv1
Grudge
66.8%
Palossand by Move Tutor
Poltergeist
65.7%
Dynamax (Ghost)
Max Phantasm
65%
Marshadow Lv72
Spectral Thief
64.5%
Runerigus Lv62
Destiny Bond
64.5%
Z-
Move (Ghost)
Never-Ending Nightmare
63.7%
Calyrex (Shadow Rider)
Astral Barrage
62.9%
Zorua (Hisuian) Lv18
Bitter Malice
60.6%
Z-
Move (Decidueye)
Sinister Arrow Raid
59.9%
Typhlosion (Hisuian) Lv40
Infernal Parade
57.5%
Z-
Move (Marshadow)
Soul-Stealing 7-Star Strike
53.8%
Gengar (Gigantamax)
G-Max Terror
53.8%
Z-
Move (Lunala)
Menacing Moonraze Maelstrom
47.3%
Quiz Playlist
Details
Report
Send in Message
Add To Playlist
Classic:
Type in answers that appear in a list
Last Updated: May 17, 2020
Quiz Scoreboard
CHALLENGE
Sign Up to Join the Scoreboard
Show All
Scores
Hide
Comments
May contain spoilers
Recently Published
Image Sorting: Flags VI
by Barbecue
Geography
2m
Find the 'City' Movie
by crazypaving
Movies
60s
Colored Red Africa Blitz
by spor1
Geography
45s
More to Explore
Quiz From the Vault
Featured Blog Post
14 Easter Pick-up Lines to Find Eggs With
hide this ad
You Might Also Like...
Tags
Pokémon Quiz
attack
ghost
Learned
Today's Top Quizzes in Gaming
Browse Gaming
hide this ad
Today's Top Quizzes in Pokémon
Browse Pokémon
Top Contributed Quizzes in Gaming
1
League of Legends Pro Players by Career/Team History
2
Destiny 2 exotic weapons by perk icons
3
Genshin murder mystery
4
Dead By Daylight Logic Puzzle
5
Genshin Impact Logic Puzzle
6
Valorant Agent Developer Names (Up to Clove)
7
Overwatch 2: Ultimate Ability Icons
8
4x4 Decades: Video Games
9
Who's on the WWE 2K24 Cover?
10
Undertale Logic Puzzle
Explore More
Trending Topics
Kpop
Harry Potter
NBA
Disney
Anime
Crossword
Marvel
The Office
Country
Song
WWE
Puzzle
Soccer
NFL
Pokémon
hide this ad
More By:
Leo
Quiz
Plays
Rating
Category
Featured
Created
Kingdom Hearts Series Characters
54,832
4.51
Gaming
Oct 6, 2009
One Piece Devil Fruits
30,970
4.79
Entertainment
Oct 6, 2009
Top 10 Pokémon by Base Stat Total for each Type
8,654
4.85
Gaming
Dec 4, 2011
Kingdom Hearts Series Worlds
7,011
4.48
Gaming
Nov 2, 2009
Pokémon Abilities
4,558
4.71
Gaming
Oct 18, 2011
Go to Creator's Profile
Score Distribution
Quiz Creator Spotlight
Leo
Follow
Send a Message
Quizzes Created
-
Created Quiz Play Count
-
More By This Creator
Popular Quizzes Today
1
Colored Red Africa Blitz
2
Find the US States - No Outlines Minefield
3
Find the 'City' Movie
4
5x2 Blitz: Bands
5
The Countries of the World
6
Find the US States
7
Find the Countries of Europe - No Outlines Minefield
8
US States
More Gaming Quizzes
Clickable Fake Smash Bros Character
Quiz Lab
Trending Quizzes
Colored Red Europe Blitz I
Colored Red Europe Blitz II
Colored Red Africa Blitz II
Colored Red Europe Blitz III
Colored Red Africa Blitz III
Recently Updated
How Do You Spell That?
pecheneg
Godzilla Movies
pecheneg
Grab Bag: 4-10 Letters
pecheneg
2024 March Madness Bracket
pecheneg
Famous TV Couples
Peacemaker
Champions League XIs: Real Madrid
pecheneg
Largest US Cities 1790-2010
pecheneg
Rides in Walt Disney World
pecheneg
Most Oscar Losses (Acting)
pecheneg
Beyoncé Albums
pecheneg
Trending Topics
Anime
Crossword
Disney
Harry Potter
Marvel
Kpop
NBA
Soccer
WWE
The Office
Song
Country
Pokémon
Puzzle
NFL
Your Account Isn't Verified!
In order to create a playlist on Sporcle, you need to verify the email address you used during registration. Go to your
Sporcle Settings
to finish the process.
Report this User
Report this user for behavior that violates our
Community Guidelines
.
Details:
Send Report
Go to the Sporcle.com Mobile Site →
Comments